Topografie: klikken op de kaart - Statistieken

Algemene statistieken
  • Deze quiz is 82 keer genomen
  • De gemiddelde score is 29 van 36
Antwoorden op de kaart
Antwoorden kleurgecodeerd door een groen-rode schaal op de quizkaart volgens % correct hieronder.
 
Antwoordstatistieken
Antwoord % Correct
Argentinië
89%
Brazilië
89%
Chili
88%
Mexico
88%
Verenigde Staten
88%
Egypte
86%
Groenland (Denemarken)
86%
Canada
85%
Marokko
85%
Peru
85%
Suriname
83%
Zuid-Afrika
83%
China
82%
Ethiopië
82%
Saoedi-Arabië
82%
Venezuela
82%
Filippijnen
80%
Indonesië
80%
Japan
80%
Rusland
80%
India
79%
Turkije
79%
Democratische Republiek Congo
77%
Nigeria
77%
Soedan
77%
Vietnam
77%
Iran
76%
Israël
76%
Taiwan
76%
Thailand
76%
Bangladesh
74%
Pakistan
74%
Zuid-Korea
74%
Colombia
73%
Irak
71%
Afghanistan
65%
Geen overeenkomende quizzen gevonden
Scoreverdeling
Procent van Mensen met Elke Score
Percentiel versus Aantal Correcte Antwoorden
Uw Scoregeschiedenis
U heeft deze quiz nog niet genomen